| 000 | 00853 a2200193 4500 | ||
|---|---|---|---|
| 001 | 54313 | ||
| 005 | 20260407155815.0 | ||
| 008 | 260407a1979 arg spa d | ||
| 003 | AR-UNSa-BCEJYS | ||
| 040 |
_aAR-UNSa-BCEJYS _bspa _cAR-UNSa-BCEJYS |
||
| 080 |
_a347.7 _xDerecho Mercantil. Derecho Comercial |
||
| 245 | 1 | 0 |
_aLa gestión de créditos (bancaria y mercantil) _pmodelos de evaluación de riesgos para normalizar las decisiones |
| 264 | 1 |
_aBuenos Aires : _bEdiciones Depalma _c1979 |
|
| 300 |
_a159 p. _c23 cm. |
||
| 505 | _a1. El crédito - 2. Clasificación del crédito - 3. Política del crédito - 4. La gerencia de crédito - 5. El riesgo crediticio - 6. Medición del riesgo - 7. La decisón del crédito - 8. Cuantificación del riesgo | ||
| 942 | _cBK | ||
| 590 | _aniveau_biblio:m niveau_hierar:0 | ||
| 100 | 1 | _aVillegas, Carlos Gilberto | |
| 999 |
_c5481 _d5481 |
||